00867nam a2200253 4500003000400000005001700004008004100021020003200062040001800094050001900112100002800131245009300159264006100252300002500313336002200338337002400360338002400384650006600408650003500474650005000509650002500559942001200584999001700596OSt20260530115258.0260422b2003 xxu |||| |||| 00| 0 eng d a1578518261 (papel alcalino) aICIbspacICI4 aHF5415.32bZ351 aZaltman, Gerald,93079010aHow customers think : bessential insights into the mind of the market /cGerald Zaltman 1bHarvard Business School,cc2003aBoston, Massachusetts : a323 páginasc24cm. atexto2rdacontent asin medio2rdamedia avolumen2rdacarrier4 aComportamiento del consumidorxAspectos psicológicos9307914 aConsumidoresxActitudes9307924 aMercadotecniaxAspectos psicológicos9307934 aPensamiento creativo 2lcccBK c12714d12714